Request For Ratification Of The Master Agreement For Professional Services Between Ghana Revenue Authority And Tata Consultancy Services Limited And The Waiver Of Withholding Tax On The Income Of The Service Provider And Value Added Tax (VAT) On Imported Services (Record no. 5761)
[ view plain ]
| 000 -LEADER | |
|---|---|
| fixed length control field | 00884nam a22001577a 4500 |
| 003 - CONTROL NUMBER IDENTIFIER | |
| control field | OSt |
| 005 - DATE AND TIME OF LATEST TRANSACTION | |
| control field | 20251119154213.0 |
| 008 - FIXED-LENGTH DATA ELEMENTS--GENERAL INFORMATION | |
| fixed length control field | 251119b |||||||| |||| 00| 0 eng d |
| 041 ## - LANGUAGE CODE | |
| Language code of text/sound track or separate title | Eng |
| 082 ## - DEWEY DECIMAL CLASSIFICATION NUMBER | |
| Classification number | PM/VAT/25 ACC No: 11,999 |
| 245 ## - TITLE STATEMENT | |
| Title | Request For Ratification Of The Master Agreement For Professional Services Between Ghana Revenue Authority And Tata Consultancy Services Limited And The Waiver Of Withholding Tax On The Income Of The Service Provider And Value Added Tax (VAT) On Imported Services |
| 260 ## - PUBLICATION, DISTRIBUTION, ETC. | |
| Place of publication, distribution, etc. | Accra |
| Name of publisher, distributor, etc. | Parliament Of Ghana |
| Date of publication, distribution, etc. | 2025 |
| 300 ## - PHYSICAL DESCRIPTION | |
| Extent | 73p; Tabs |
| 650 ## - SUBJECT ADDED ENTRY--TOPICAL TERM | |
| Topical term or geographic name entry element | Request For Ratification Of The Master Agreement For Professional Services Between Ghana Revenue Authority And Tata Consultancy Services Limited And The Waiver Of Withholding Tax On The Income Of The Service Provider And Value Added Tax (VAT) On Imported Services |
| 942 ## - ADDED ENTRY ELEMENTS (KOHA) | |
| Source of classification or shelving scheme | Dewey Decimal Classification |
| Koha item type | Memorandum |
| Suppress in OPAC | No |
| Withdrawn status | Lost status | Source of classification or shelving scheme | Damaged status | Not for loan | Home library | Current library | Shelving location | Date acquired | Total checkouts | Full call number | Date last seen | Copy number | Price effective from | Koha item type |
|---|---|---|---|---|---|---|---|---|---|---|---|---|---|---|
| Dewey Decimal Classification | Main Library | Main Library | Open Shelves | 19/11/2025 | PM/VAT/25 ACC No: 11,999 | 19/11/2025 | 1 | 19/11/2025 | Memorandum | |||||
| Dewey Decimal Classification | Main Library | Main Library | Open Shelves | 19/11/2025 | PM/VAT/25 ACC No: 12,000 | 19/11/2025 | 2 | 19/11/2025 | Memorandum | |||||
| Dewey Decimal Classification | Main Library | Main Library | Open Shelves | 19/11/2025 | PM/VAT/25 ACC No: 12,001 | 19/11/2025 | 3 | 19/11/2025 | Memorandum |